[Event "WJCC U20 Open 2019"]
[Site "New Delhi"]
[Date "2019.10.19"]
[Round "6.17"]
[White "Janik, Igor"]
[Black "Pogosyan, Stefan"]
[Result "1/2-1/2"]
[WhiteElo "2467"]
[BlackElo "2364"]
[Annotator "ChessBase"]
[PlyCount "61"]
[EventDate "2019.10.15"]
[EventType "swiss"]
[EventCountry "IND"]
[SourceTitle "playchess.com"]
[Source "ChessBase"]
[SourceQuality "1"]
[TimeControl "40/5400+30:1800+30"]

1. d4 {[%emt 0:00:00]} Nf6 {[%emt 0:00:15]} 2. c4 {[%emt 0:00:00]} e6 {[%emt 0:00:15]} 3. Nf3 {[%emt 0:00:00]} d5 {[%emt 0:00:30]} 4. g3 {[%emt 0:00:26]} dxc4 {[%emt 0:00:05]} 5. Bg2 {[%emt 0:00:10]} a6 {[%emt 0:00:06]} 6. O-O {[%emt 0:00:09]} Nc6 {[%emt 0:00:03]} 7. Be3 {[%emt 0:00:10]} Rb8 {[%emt 0:05:18]} 8. Qc1 {[%emt 0:00:24]} Nd5 {[%emt 0:09:34]} 9. Qxc4 {[%emt 0:00:24]} Nxe3 {[%emt 0:00:27]} 10. fxe3 {[%emt 0:00:15]} Bd6 {[%emt 0:00:14]} 11. Nc3 {[%emt 0:02:04]} O-O {[%emt 0:01:07]} 12. Rad1 {[%emt 0:02:15]} b5 {[%emt 0:03:51]} 13. Qd3 {[%emt 0:01:14]} Bb7 {[%emt 0:01:00]} 14. e4 {[%emt 0:03:12]} e5 {[%emt 0:08:04]} 15. d5 {[%emt 0:05:22]} Na7 {[%emt 0:12:55]} 16. Rf2 {[%emt 0:10:04]} Bc8 {[%emt 0:05:21]} 17. Rdf1 {[%emt 0:00:56]} Bd7 {[%emt 0:02:56]} 18. Nd1 {[%emt 0:02:25]} Nc8 {[%emt 0:02:28]} 19. Ne3 {[%emt 0:02:33]} g6 {[%emt 0:00:12]} 20. h4 {[%emt 0:00:54]} Qe7 {[%emt 0:05:19]} 21. Ng5 {[%emt 0:03:19]} f6 {[%emt 0:02:27]} 22. Bh3 {[%emt 0:01:29]} Bxh3 {[%emt 0:06:54]} 23. Nxh3 {[%emt 0:00:09]} Bc5 {[%emt 0:01:10]} 24. Ng5 {[%emt 0:18:23]} Nd6 {[%emt 0:01:39]} 25. Ne6 {[%emt 0:00:13]} Nc4 {[%emt 0:00:06]} 26. Nxc4 {[%emt 0:00:55]} Bxf2+ {[%emt 0:01:47]} 27. Rxf2 {[%emt 0:00:57]} bxc4 {[%emt 0:00:06]} 28. Qxc4 {[%emt 0:00:07]} Rf7 {[%emt 0:02:19]} 29. Qxa6 {[%emt 0:07:58]} Qb4 {[%emt 0:01:20]} 30. Qc6 {[%emt 0:05:31]} Qxb2 {[%emt 0:06:48]} 31. Ng5 1/2-1/2

[Event "WJCC U20 Open 2019"]
[Site "New Delhi"]
[Date "2019.10.19"]
[Round "6.18"]
[White "Sammed Jaykumar, Shete"]
[Black "Rahul Srivatshav P"]
[Result "1-0"]
[WhiteElo "2392"]
[BlackElo "2460"]
[Annotator "ChessBase"]
[PlyCount "41"]
[EventDate "2019.10.15"]
[EventType "swiss"]
[EventCountry "IND"]
[SourceTitle "playchess.com"]
[Source "ChessBase"]
[SourceQuality "1"]
[TimeControl "40/5400+30:1800+30"]

1. e4 {[%emt 0:00:00]} c5 {[%emt 0:00:39]} 2. Nf3 {[%emt 0:00:00]} e6 {[%emt 0:00:04]} 3. d4 {[%emt 0:00:00]} cxd4 {[%emt 0:00:03]} 4. Nxd4 {[%emt 0:00:00]} Nc6 {[%emt 0:00:03]} 5. Nc3 {[%emt 0:00:05]} Qc7 {[%emt 0:00:04]} 6. Be3 {[%emt 0:00:05]} a6 {[%emt 0:00:03]} 7. a3 {[%emt 0:00:23]} b5 {[%emt 0:00:11]} 8. Nxc6 {[%emt 0:00:16]} Qxc6 {[%emt 0:00:03]} 9. Be2 {[%emt 0:00:08]} Bb7 {[%emt 0:00:09]} 10. O-O {[%emt 0:00:13]} Ne7 {[%emt 0:01:02]} 11. f4 {[%emt 0:06:29]} Nf5 {[%emt 0:05:58]} 12. Bf2 {[%emt 0:02:38]} Bc5 {[%emt 0:19:58]} 13. Qd3 {[%emt 0:03:48]} Rd8 {[%emt 0:07:20]} 14. Rad1 {[%emt 0:04:46]} h5 {[%emt 0:02:05]} 15. Kh1 {[%emt 0:14:16]} h4 {[%emt 0:14:59]} 16. Bxc5 {[%emt 0:17:46]} Ng3+ {[%emt 0:00:11]} 17. hxg3 {[%emt 0:00:06]} hxg3+ {[%emt 0:00:11]} 18. Kg1 {[%emt 0:00:02]} Qxc5+ {[%emt 0:00:05]} 19. Qd4 {[%emt 0:00:03]} Qe7 {[%emt 0:00:07]} 20. Bg4 {[%emt 0:03:09]} f5 {[%emt 0:00:27]} 21. Bh3 {[%emt 0:02:56]} 1-0

[Event "WJCC U20 Open 2019"]
[Site "New Delhi"]
[Date "2019.10.19"]
[Round "6.19"]
[White "Anuj Shrivatri"]
[Black "Raja Harshit"]
[Result "1-0"]
[WhiteElo "2390"]
[BlackElo "2440"]
[Annotator "NA"]
[PlyCount "131"]
[EventDate "2019.10.15"]
[EventType "swiss"]
[EventCountry "IND"]
[SourceTitle "playchess.com"]
[Source "ChessBase"]
[SourceQuality "1"]
[TimeControl "40/5400+30:1800+30"]

1. d4 {[%emt 0:00:00]} Nf6 {[%emt 0:00:00]} 2. Nf3 {[%emt 0:00:00]} e6 {[%emt 0:00:36]} 3. g3 {[%emt 0:00:07]} c5 {[%emt 0:02:25]} 4. Bg2 {[%emt 0:00:16]} cxd4 {[%emt 0:01:30]} 5. O-O {[%emt 0:00:14]} d5 {[%emt 0:02:13]} 6. Nxd4 {[%emt 0:00:11]} Be7 {[%emt 0:05:23]} 7. c4 {[%emt 0:00:39]} O-O {[%emt 0:00:34]} 8. cxd5 {[%emt 0:03:52]} Nxd5 {[%emt 0:01:36]} 9. Nb5 $11 {[%emt 0:08:50]} Bd7 {[%emt 0:06:38]} 10. N1c3 {[%emt 0:12:29]} Nxc3 {[%emt 0:00:30]} 11. Nxc3 {[%emt 0:00:30]} Bc6 {[%emt 0:00:30]} 12. Qb3 {[%emt 0:00:30]} Qc8 {[%emt 0:00:30]} 13. Be3 {[%emt 0:03:16]} Bxg2 {[%emt 0:10:54]} 14. Kxg2 {[%emt 0:00:09]} Qc6+ {[%emt 0:05:16]} 15. Kg1 {[%emt 0:03:48]} Na6 {[%emt 0:03:18]} 16. Rac1 {[%emt 0:04:00]} Nc5 {[%emt 0:05:42]} 17. Bxc5 {[%emt 0:03:32]} Qxc5 {[%emt 0:02:49]} 18. Qxb7 {[%emt 0:03:52]} Rab8 {[%emt 0:00:22]} 19. Qf3 {[%emt 0:02:49]} Qa5 {[%emt 0:00:23]} 20. b3 {[%emt 0:06:01]} Rfd8 {[%emt 0:13:03]} 21. Rfd1 {[%emt 0:14:19]} Ba3 {[%emt 0:01:04]} 22. Rb1 {[%emt 0:06:33]} h6 {[%emt 0:01:45]} 23. Kg2 {[%emt 0:01:41]} Be7 {[%emt 0:07:40]} 24. Na4 {[%emt 0:05:20]} Bf6 {[%emt 0:08:08]} 25. Qf4 {[%emt 0:06:09]} Qb5 {[%emt 0:01:49]} 26. Qe4 {[%emt 0:01:54]} Qa5 {[%emt 0:05:32]} 27. Rbc1 {[%emt 0:01:26]} Rd2 {[%emt 0:02:39]} 28. Rc5 {[%emt 0:04:38]} Qd8 {[%emt 0:05:00]} 29. Rxd2 {[%emt 0:00:57]} Qxd2 {[%emt 0:00:02]} 30. Qc2 {[%emt 0:02:23]} Qd7 {[%emt 0:01:35]} 31. Nb2 {[%emt 0:01:30]} Qb7+ {[%emt 0:01:18]} 32. Kg1 {[%emt 0:00:30]} Rd8 {[%emt 0:03:34]} 33. Nd3 {[%emt 0:00:19]} Bd4 {[%emt 0:00:59]} 34. Rc7 {[%emt 0:00:23]} Qa6 {[%emt 0:00:17]} 35. a4 {[%emt 0:01:07]} e5 {[%emt 0:01:19]} 36. Qc6 {[%emt 0:01:54]} Qxc6 {[%emt 0:00:34]} 37. Rxc6 {[%emt 0:00:03]} Rb8 {[%emt 0:00:06]} 38. Nc5 {[%emt 0:01:29]} Bxc5 {[%emt 0:00:54]} 39. Rxc5 {[%emt 0:00:01]} Rxb3 {[%emt 0:00:22]} 40. Rxe5 {[%emt 0:00:51]} Rb7 {[%emt 0:00:38]} 41. Ra5 {[%emt 0:31:26]} g6 {[%emt 0:30:17]} 42. g4 {[%emt 0:00:00]} Kg7 {[%emt 0:00:00]} 43. Ra6 {[%emt 0:00:00]} Rc7 {[%emt 0:00:00]} 44. Kg2 {[%emt 0:00:00]} Rb7 {[%emt 0:00:00]} 45. Kg3 {[%emt 0:00:00]} Rc7 {[%emt 0:00:00]} 46. h4 {[%emt 0:00:00]} Rc2 {[%emt 0:00:00]} 47. e3 {[%emt 0:00:00]} Rc7 {[%emt 0:00:00]} 48. f4 {[%emt 0:00:00]} Rb7 {[%emt 0:00:00]} 49. h5 {[%emt 0:00:00]} gxh5 {[%emt 0:00:00]} 50. gxh5 {[%emt 0:00:00]} Rc7 {[%emt 0:00:00]} 51. e4 {[%emt 0:00:00]} Rd7 {[%emt 0:00:00]} 52. e5 {[%emt 0:00:00]} Rc7 {[%emt 0:00:00]} 53. Kg4 {[%emt 0:02:20]} Rb7 {[%emt 0:00:00]} 54. Kf3 {[%emt 0:01:11]} Rc7 {[%emt 0:00:00]} 55. Kg4 {[%emt 0:00:55]} Rb7 {[%emt 0:00:00]} 56. f5 {[%emt 0:01:34]} Rc7 {[%emt 0:00:00]} 57. Kf3 {[%emt 0:00:34]} Rb7 {[%emt 0:00:00]} 58. Ke4 {[%emt 0:00:19]} Rd7 {[%emt 0:00:00]} 59. Rd6 {[%emt 0:00:31]} Rb7 {[%emt 0:00:00]} 60. Kd5 {[%emt 0:00:52]} Rc7 {[%emt 0:00:00]} 61. Ra6 {[%emt 0:00:50]} Rb7 {[%emt 0:00:00]} 62. Kc6 {[%emt 0:00:54]} Rb1 {[%emt 0:00:00]} 63. Rxa7 {[%emt 0:00:19]} Kf8 {[%emt 0:00:00]} 64. Ra5 {[%emt 0:00:57]} Rf1 {[%emt 0:00:00]} 65. f6 {[%emt 0:00:16]} Kg8 {[%emt 0:00:00]} 66. Rb5 {[%emt 0:00:28]} 1-0

[Event "WJCC U20 Open 2019"]
[Site "New Delhi"]
[Date "2019.10.19"]
[Round "6.20"]
[White "Aronyak Ghosh"]
[Black "Aditya Mittal"]
[Result "1/2-1/2"]
[WhiteElo "2380"]
[BlackElo "2430"]
[Annotator "TA"]
[PlyCount "111"]
[EventDate "2019.10.15"]
[EventType "swiss"]
[EventCountry "IND"]
[SourceTitle "playchess.com"]
[Source "ChessBase"]
[SourceQuality "1"]

{[%evp 9,111,-20,-20,-15,-19,-29,-18,-28,15,6,27,8,15,0,0,-7,0,-4,7,14,7,6,26,18,25,12,53,53,53,57,53,50,62,62,62,-2025,-784,-859,-819,-996,-859,-827,16,16,72,10,18,18,19,18,14,18,28,27,62,38,68,62,62,0,0,0,0,0,0,0,0,0,68,68,68,68,68,0,68,68,68,68,68,68,68,68,68,68,68,68,68,68,68,30,30,30,30,30,30,30,30,0,0,0,30,0,0,0]} 1. Nf3 d5 2. g3 c6 3. Bg2 Bg4 4. O-O Nd7 {[%cal Bb8d7,Bd7e5,Be5f3][%mdl 32]} 5. c4 Bxf3 6. Bxf3 {A07: Réti Opening: New York and Capablanca Systems} Ne5 7. b3 $146 ({Predecessor:} 7. Qb3 Nxf3+ 8. exf3 Qd7 9. cxd5 cxd5 10. Nc3 e6 11. d3 Ne7 12. Re1 Rd8 {0-1 (52) Bauer,C (2679)-Fressinet,L (2693) Nancy 2012}) 7... Nxf3+ 8. exf3 d4 9. d3 g6 10. Re1 e6 11. Ba3 Bxa3 12. Nxa3 Ne7 13. Nc2 Nf5 14. b4 a5 15. a3 b5 16. cxb5 cxb5 17. Re5 Qd7 (17... Qb8 $5 {[%cal Rb8e5]} 18. Rc5 O-O $11) 18. a4 $1 bxa4 {[#] Hoping for ...axb4.} 19. Rxa5 O-O {next ...Rxa5 is good for Black.} 20. Ne1 Rab8 21. Qxa4 Qxa4 22. Ra3 $2 {[%mdl 8192] [#]} (22. R5xa4 $14 Ne7 23. f4) 22... Qxa5 23. Rxa5 Rfc8 24. Ra4 Kg7 25. Ra1 Rc5 $2 (25... Rxb4 $19 26. f4 Rc3) 26. bxc5 $11 {[%mdl 4096] Endgame KRN-KRN} Ne7 (26... e5 $11 {keeps the balance.}) 27. Nc2 (27. f4 $16) 27... Nc6 28. Ra6 Rb2 29. Rxc6 Rxc2 {KR-KR} 30. Rd6 Rxc5 31. Rxd4 h5 32. h4 Kf6 33. Rd7 Ra5 34. d4 (34. f4 $14) 34... Ra3 35. Kg2 Rd3 36. f4 Kg7 37. Kf1 Rd2 38. Ke1 Ra2 ({Better is} 38... Rd3 $1 $11) 39. d5 $1 $14 {[%cal Rd5e6]} exd5 40. Rxd5 Kf6 41. Rd2 (41. Rc5 $14) 41... Ra1+ (41... Rxd2 $1 $11 42. Kxd2 Kf5) 42. Ke2 Ra3 43. Rd3 Ra2+ 44. Kf3 Rb2 45. Rd6+ Ke7 46. Ra6 Rb3+ 47. Kg2 Rb5 48. Ra2 Kf6 49. f3 Rb4 50. Rd2 Ra4 51. Kf2 Rb4 52. Ke3 Rb3+ 53. Rd3 Rb2 54. Rd2 Rb3+ 55. Rd3 Rb2 56. Rd2 {Accuracy: White = 55%, Black = 54%.} 1/2-1/2

[Event "WJCC U20 Open 2019"]
[Site "New Delhi"]
[Date "2019.10.19"]
[Round "6.21"]
[White "Kuybokarov, Temur"]
[Black "Saurabh Anand"]
[Result "1-0"]
[WhiteElo "2501"]
[BlackElo "2236"]
[Annotator "ChessBase"]
[PlyCount "73"]
[EventDate "2019.10.15"]
[EventType "swiss"]
[EventCountry "IND"]
[SourceTitle "playchess.com"]
[Source "ChessBase"]
[SourceQuality "1"]
[TimeControl "40/5400+30:1800+30"]

1. e4 {[%emt 0:00:00]} e5 {[%emt 0:00:01]} 2. Nf3 {[%emt 0:00:00]} Nc6 {[%emt 0:00:12]} 3. Bb5 {[%emt 0:00:00]} a6 {[%emt 0:00:19]} 4. Ba4 {[%emt 0:00:09]} Nf6 {[%emt 0:00:14]} 5. O-O {[%emt 0:00:11]} Be7 {[%emt 0:00:19]} 6. d3 {[%emt 0:00:15]} b5 {[%emt 0:01:15]} 7. Bb3 {[%emt 0:00:06]} d6 {[%emt 0:00:16]} 8. a3 {[%emt 0:00:13]} Na5 {[%emt 0:00:39]} 9. Ba2 {[%emt 0:00:10]} c5 {[%emt 0:00:32]} 10. Nc3 {[%emt 0:00:15]} Be6 {[%emt 0:02:46]} 11. Nh4 {[%emt 0:00:11]} O-O {[%emt 0:14:06]} 12. Nf5 {[%emt 0:00:54]} Bxf5 {[%emt 0:04:54]} 13. exf5 {[%emt 0:00:16]} d5 {[%emt 0:00:10]} 14. Bg5 {[%emt 0:04:24]} c4 {[%emt 0:03:31]} 15. Qe2 h6 {[%emt 0:07:35]} 16. Bh4 {[%emt 0:13:43]} d4 {[%emt 0:03:27]} 17. Nb1 {[%emt 0:16:50]} Qc7 {[%emt 0:14:53]} 18. Nd2 {[%emt 0:05:52]} Rac8 {[%emt 0:00:25]} 19. Nf3 {[%emt 0:04:21]} Bd6 {[%emt 0:04:54]} 20. Bxf6 {[%emt 0:04:42]} gxf6 {[%emt 0:00:22]} 21. Nd2 {[%emt 0:01:19]} Kh7 {[%emt 0:02:03]} 22. Ne4 {[%emt 0:00:56]} Be7 {[%emt 0:00:13]} 23. Qh5 {[%emt 0:05:43]} Nb7 {[%emt 0:11:49]} 24. f4 {[%emt 0:01:41]} exf4 {[%emt 0:00:27]} 25. Rf3 {[%emt 0:03:13]} Kg7 {[%emt 0:01:09]} 26. Qg4+ {[%emt 0:06:34]} Kh7 {[%emt 0:00:19]} 27. Qh4 {[%emt 0:03:48]} Kg7 {[%emt 0:05:40]} 28. Rxf4 {[%emt 0:03:07]} h5 {[%emt 0:00:30]} 29. Qg3+ {[%emt 0:05:42]} Kh6 {[%emt 0:00:39]} 30. Qf3 {[%emt 0:01:21]} Kg7 {[%emt 0:01:59]} 31. Rh4 {[%emt 0:02:05]} Rh8 {[%emt 0:00:40]} 32. Re1 {[%emt 0:00:29]} Nc5 {[%emt 0:04:35]} 33. Ng3 {[%emt 0:02:38]} Na4 {[%emt 0:00:34]} 34. Rxh5 {[%emt 0:04:21]} Rcg8 {[%emt 0:01:12]} 35. Rxh8 {[%emt 0:02:19]} Rxh8 {[%emt 0:00:17]} 36. Qe2 {[%emt 0:00:34]} Qe5 {[%emt 0:03:44]} 37. Qg4+ {[%emt 0:00:07]} 1-0

[Event "WJCC U20 Open 2019"]
[Site "New Delhi"]
[Date "2019.10.19"]
[Round "6.22"]
[White "O`Donnell, Conor"]
[Black "Arjun Kalyan"]
[Result "0-1"]
[WhiteElo "2345"]
[BlackElo "2483"]
[Annotator "ChessBase"]
[PlyCount "94"]
[EventDate "2019.10.15"]
[EventType "swiss"]
[EventCountry "IND"]
[SourceTitle "playchess.com"]
[Source "ChessBase"]
[SourceQuality "1"]
[TimeControl "40/5400+30:1800+30"]

1. d4 {[%emt 0:00:00]} d5 {[%emt 0:00:00]} 2. c4 {[%emt 0:00:00]} e6 {[%emt 0:00:00]} 3. Nc3 {[%emt 0:00:00]} Be7 {[%emt 0:00:12]} 4. Nf3 {[%emt 0:00:54]} Nf6 {[%emt 0:00:12]} 5. Bf4 {[%emt 0:00:12]} O-O {[%emt 0:00:15]} 6. e3 {[%emt 0:00:38]} b6 {[%emt 0:00:16]} 7. Rc1 {[%emt 0:00:28]} Bb7 {[%emt 0:06:13]} 8. cxd5 {[%emt 0:00:29]} Nxd5 {[%emt 0:00:10]} 9. Nxd5 {[%emt 0:00:09]} Qxd5 {[%emt 0:00:13]} 10. a3 {[%emt 0:00:41]} Nd7 {[%emt 0:07:53]} 11. Rxc7 {[%emt 0:04:17]} Rac8 {[%emt 0:10:30]} 12. Rxc8 {[%emt 0:00:08]} Rxc8 {[%emt 0:00:09]} 13. Bd3 {[%emt 0:00:48]} Qa5+ {[%emt 0:18:28]} 14. Ke2 {[%emt 0:04:20]} Ba6 {[%emt 0:00:30]} 15. Re1 {[%emt 0:07:03]} Bxa3 {[%emt 0:10:18]} 16. Qb3 {[%emt 0:19:28]} Bxd3+ {[%emt 0:03:57]} 17. Qxd3 {[%emt 0:00:03]} Bxb2 {[%emt 0:00:17]} 18. Kf1 {[%emt 0:03:43]} Qc3 {[%emt 0:03:11]} 19. Qxc3 {[%emt 0:05:00]} Bxc3 {[%emt 0:08:06]} 20. Rc1 {[%emt 0:00:50]} b5 {[%emt 0:00:29]} 21. Nd2 {[%emt 0:05:58]} Nb6 {[%emt 0:02:25]} 22. Ne4 {[%emt 0:01:22]} Bb4 {[%emt 0:07:38]} 23. Ra1 {[%emt 0:01:13]} Na4 {[%emt 0:03:29]} 24. Rb1 {[%emt 0:04:23]} Rc4 {[%emt 0:02:42]} 25. Bd6 {[%emt 0:10:24]} f5 {[%emt 0:01:41]} 26. Rxb4 Rc1+ {[%emt 0:03:52]} 27. Ke2 {[%emt 0:02:33]} fxe4 {[%emt 0:00:03]} 28. Kd2 {[%emt 0:05:06]} Rc6 {[%emt 0:00:47]} 29. Bg3 {[%emt 0:04:52]} a6 {[%emt 0:00:39]} 30. f3 {[%emt 0:00:04]} exf3 {[%emt 0:02:13]} 31. gxf3 {[%emt 0:00:02]} Kf7 {[%emt 0:01:29]} 32. e4 {[%emt 0:01:06]} Nb6 {[%emt 0:00:09]} 33. Kd3 {[%emt 0:00:42]} Rc1 {[%emt 0:00:52]} 34. Kd2 {[%emt 0:01:32]} Ra1 {[%emt 0:01:12]} 35. Rb3 {[%emt 0:01:23]} Ra2+ {[%emt 0:01:06]} 36. Kc3 {[%emt 0:00:20]} Ke7 {[%emt 0:00:51]} 37. Be5 {[%emt 0:08:38]} g6 {[%emt 0:00:30]} 38. Kb4 {[%emt 0:00:18]} Nc4 {[%emt 0:03:15]} 39. Bf4 {[%emt 0:00:58]} Kd7 {[%emt 0:00:56]} 40. d5 {[%emt 0:00:59]} exd5 {[%emt 0:00:21]} 41. exd5 {[%emt 0:30:11]} Ra4+ {[%emt 0:30:25]} 42. Kc5 {[%emt 0:01:13]} Na5 {[%emt 0:00:08]} 43. Rd3 {[%emt 0:00:24]} Rxf4 {[%emt 0:00:06]} 44. Kb6 {[%emt 0:00:03]} Nc4+ {[%emt 0:00:08]} 45. Kxa6 {[%emt 0:00:07]} Ne5 {[%emt 0:00:06]} 46. Re3 {[%emt 0:00:08]} Kd6 {[%emt 0:00:05]} 47. Kxb5 {[%emt 0:00:06]} Kxd5 {[%emt 0:00:06]} 0-1

[Event "WJCC U20 Open 2019"]
[Site "New Delhi"]
[Date "2019.10.19"]
[Round "6.23"]
[White "Kukelko, Alexey"]
[Black "Vykouk, Jan"]
[Result "1/2-1/2"]
[WhiteElo "2342"]
[BlackElo "2468"]
[Annotator "ChessBase"]
[PlyCount "77"]
[EventDate "2019.10.15"]
[EventType "swiss"]
[EventCountry "IND"]
[SourceTitle "playchess.com"]
[Source "ChessBase"]
[SourceQuality "1"]
[TimeControl "40/5400+30:1800+30"]

1. e4 {[%emt 0:00:08]} c5 {[%emt 0:00:00]} 2. Nf3 {[%emt 0:00:20]} Nc6 {[%emt 0:00:05]} 3. d4 {[%emt 0:00:20]} cxd4 {[%emt 0:00:08]} 4. Nxd4 {[%emt 0:00:03]} Qb6 {[%emt 0:00:09]} 5. Nb3 {[%emt 0:00:42]} Nf6 {[%emt 0:00:07]} 6. Nc3 {[%emt 0:00:07]} e6 {[%emt 0:00:07]} 7. Qe2 {[%emt 0:01:35]} Bb4 {[%emt 0:01:55]} 8. Bd2 {[%emt 0:00:17]} O-O {[%emt 0:04:31]} 9. a3 {[%emt 0:03:01]} Bxc3 {[%emt 0:00:08]} 10. Bxc3 {[%emt 0:00:04]} e5 {[%emt 0:00:06]} 11. O-O-O {[%emt 0:00:10]} a5 {[%emt 0:00:29]} 12. f3 {[%emt 0:07:17]} a4 {[%emt 0:02:33]} 13. Nd2 {[%emt 0:00:05]} d5 {[%emt 0:01:07]} 14. exd5 {[%emt 0:00:59]} Nxd5 {[%emt 0:01:11]} 15. Nc4 {[%emt 0:00:07]} Qc5 {[%emt 0:17:43]} 16. Bxe5 {[%emt 0:11:35]} Nxe5 {[%emt 0:04:35]} 17. Qxe5 {[%emt 0:01:22]} Be6 {[%emt 0:01:50]} 18. Nd6 {[%emt 0:14:19]} Rad8 {[%emt 0:01:33]} 19. Nc4 {[%emt 0:10:59]} b5 {[%emt 0:11:06]} 20. Nd2 {[%emt 0:00:04]} b4 {[%emt 0:01:17]} 21. axb4 {[%emt 0:02:47]} Qc8 {[%emt 0:01:50]} 22. Bc4 {[%emt 0:14:40]} Nxb4 {[%emt 0:09:22]} 23. Qb5 {[%emt 0:00:44]} Nxc2 {[%emt 0:14:09]} 24. Kxc2 {[%emt 0:03:15]} Rxd2+ {[%emt 0:00:06]} 25. Rxd2 {[%emt 0:00:34]} Bxc4 {[%emt 0:00:05]} 26. Qa5 {[%emt 0:00:36]} Ba2+ {[%emt 0:00:22]} 27. Kd1 {[%emt 0:02:38]} Qc4 {[%emt 0:07:52]} 28. Qc3 {[%emt 0:04:52]} Qe6 {[%emt 0:00:04]} 29. Re2 {[%emt 0:01:17]} Qg6 {[%emt 0:02:23]} 30. Kd2 {[%emt 0:06:43]} Rd8+ {[%emt 0:04:53]} 31. Ke3 {[%emt 0:00:01]} Re8+ {[%emt 0:03:55]} 32. Kf2 {[%emt 0:00:05]} Rxe2+ {[%emt 0:00:04]} 33. Kxe2 {[%emt 0:00:02]} Qxg2+ {[%emt 0:00:08]} 34. Ke3 {[%emt 0:00:01]} h6 {[%emt 0:00:55]} 35. Ra1 {[%emt 0:04:41]} Bb3 {[%emt 0:00:55]} 36. Qc8+ {[%emt 0:00:32]} Kh7 {[%emt 0:00:06]} 37. Qf5+ {[%emt 0:00:02]} g6 {[%emt 0:00:38]} 38. Qe5 {[%emt 0:00:13]} Bc4 {[%emt 0:01:44]} 39. Re1 {[%emt 0:01:40]} 1/2-1/2

[Event "WJCC U20 Open 2019"]
[Site "New Delhi"]
[Date "2019.10.19"]
[Round "6.24"]
[White "Neelash Saha"]
[Black "Batsuren, Dambasuren"]
[Result "1-0"]
[WhiteElo "2334"]
[BlackElo "2454"]
[Annotator "ChessBase"]
[PlyCount "101"]
[EventDate "2019.10.15"]
[EventType "swiss"]
[EventCountry "IND"]
[SourceTitle "playchess.com"]
[Source "ChessBase"]
[SourceQuality "1"]
[TimeControl "40/5400+30:1800+30"]

1. e4 {[%emt 0:00:06]} c6 {[%emt 0:00:00]} 2. Nc3 {[%emt 0:00:52]} d5 {[%emt 0:00:00]} 3. Qf3 {[%emt 0:00:05]} Nf6 {[%emt 0:02:22]} 4. e5 {[%emt 0:00:16]} Nfd7 {[%emt 0:00:25]} 5. Qg3 {[%emt 0:00:15]} e6 {[%emt 0:02:28]} 6. d4 {[%emt 0:00:05]} Qb6 {[%emt 0:02:56]} 7. Nf3 {[%emt 0:00:25]} Na6 {[%emt 0:08:11]} 8. Be2 {[%emt 0:02:03]} Nb4 {[%emt 0:04:28]} 9. Bd1 {[%emt 0:00:21]} c5 {[%emt 0:00:13]} 10. dxc5 {[%emt 0:00:55]} Nxc5 {[%emt 0:00:16]} 11. O-O {[%emt 0:00:28]} Nc6 {[%emt 0:01:49]} 12. Be2 {[%emt 0:07:52]} a6 {[%emt 0:00:48]} 13. Rd1 {[%emt 0:03:10]} h6 {[%emt 0:02:29]} 14. Rb1 {[%emt 0:18:32]} Qc7 {[%emt 0:03:00]} 15. Be3 {[%emt 0:00:55]} Qa5 {[%emt 0:16:48]} 16. a3 {[%emt 0:02:57]} Nd7 {[%emt 0:04:29]} 17. h4 {[%emt 0:07:38]} g6 {[%emt 0:04:27]} 18. Bd3 {[%emt 0:06:41]} Bg7 {[%emt 0:02:53]} 19. Bf4 {[%emt 0:01:54]} Ne7 {[%emt 0:01:57]} 20. Ne2 {[%emt 0:06:09]} Qc7 {[%emt 0:01:46]} 21. b4 {[%emt 0:02:42]} Nb6 {[%emt 0:02:07]} 22. Nh2 {[%emt 0:01:03]} Bd7 {[%emt 0:00:48]} 23. Ng4 {[%emt 0:00:23]} O-O-O {[%emt 0:00:27]} 24. Ne3 {[%emt 0:01:47]} Kb8 {[%emt 0:13:09]} 25. b5 {[%emt 0:01:01]} a5 {[%emt 0:00:29]} 26. Rdc1 {[%emt 0:03:05]} Nc4 {[%emt 0:03:54]} 27. Rb3 {[%emt 0:03:23]} Rdg8 {[%emt 0:04:35]} 28. Rc3 {[%emt 0:05:13]} Bxb5 {[%emt 0:01:52]} 29. Rb1 {[%emt 0:00:04]} Ba6 {[%emt 0:00:16]} 30. Nxc4 {[%emt 0:01:54]} dxc4 {[%emt 0:00:38]} 31. Be4 {[%emt 0:00:03]} Rd8 {[%emt 0:01:41]} 32. Re3 {[%emt 0:01:22]} Nc6 {[%emt 0:04:30]} 33. Nc3 {[%emt 0:01:03]} Nd4 {[%emt 0:00:41]} 34. Nd5 {[%emt 0:01:33]} Rxd5 {[%emt 0:03:33]} 35. Bxd5 {[%emt 0:00:04]} Nf5 {[%emt 0:00:13]} 36. Qf3 {[%emt 0:00:12]} Rd8 {[%emt 0:01:16]} 37. Be4 {[%emt 0:00:03]} Nxe3 {[%emt 0:00:08]} 38. Qxe3 {[%emt 0:00:06]} Bf8 {[%emt 0:00:22]} 39. Qf3 {[%emt 0:01:28]} Rc8 {[%emt 0:03:55]} 40. a4 {[%emt 0:07:20]} Qd7 {[%emt 0:02:31]} 41. c3 {[%emt 0:30:38]} Rc7 {[%emt 0:05:22]} 42. Be3 {[%emt 0:00:00]} Bc5 {[%emt 0:03:23]} 43. Rd1 {[%emt 0:00:00]} Qe7 {[%emt 0:02:24]} 44. Bxh6 {[%emt 0:00:00]} Qxh4 {[%emt 0:00:52]} 45. Bg7 {[%emt 0:00:00]} Qh5 {[%emt 0:02:56]} 46. g4 {[%emt 0:00:00]} Qh4 {[%emt 0:01:35]} 47. Bf6 {[%emt 0:00:00]} Qh6 {[%emt 0:00:17]} 48. Kg2 {[%emt 0:00:00]} Be7 {[%emt 0:03:51]} 49. Bxe7 {[%emt 0:00:00]} Rxe7 {[%emt 0:00:05]} 50. Rd8+ {[%emt 0:00:00]} Ka7 {[%emt 0:01:34]} 51. Qd1 {[%emt 0:00:00]} 1-0